[Event "SVK-chT2A 1718"]
[Site "Slovakia"]
[Date "2017.11.26"]
[Round "4.5"]
[White "Gzib, David"]
[Black "Keresztes, Mark"]
[Result "1/2-1/2"]
[WhiteElo "1875"]
[BlackElo "1992"]
[PlyCount "70"]
[EventDate "2017.10.28"]
[EventType "team-tourn"]
[EventRounds "11"]
[EventCountry "SVK"]
[SourceTitle "EXT 2019"]
[Source "ChessBase"]
[SourceDate "2018.10.10"]
[SourceVersion "1"]
[SourceVersionDate "2018.10.10"]
[SourceQuality "1"]
[WhiteTeam "Bratislava Doprastav II"]
[BlackTeam "Potonska Veza"]
[WhiteTeamCountry "SVK"]
[BlackTeamCountry "SVK"]

1. e4 Nc6 2. d4 e5 3. Nf3 exd4 4. Bc4 Nf6 5. 0-0 d6 6. Nxd4 Nxd4 7. Qxd4 Be6 8. Nc3 Be7 9. Nd5 0-0 10. Nxe7+ Qxe7 11. f3 h6 12. Bxe6 Qxe6 13. b3 Nd7 14. Bb2 f6 15. Rad1 b5 16. Qb4 Rfb8 17. Qc3 Rb7 18. Qc6 Rab8 19. Qd5 Qxd5 20. Rxd5 Re8 21. Rfd1 a6 22. R5d2 Kf7 23. Bd4 a5 24. Kf2 Ne5 25. Bxe5 fxe5 26. Rd5 Ke6 27. R1d2 Rd8 28. Ke3 c6 29. R5d3 d5 30. exd5+ cxd5 31. f4 exf4+ 32. Kxf4 Rf7+ 33. Kg3 Rf5 34. c4 Rg5+ 35. Kh3 Rh5+ 1/2-1/2

[Event "HUN-chT2 Toth 1516"]
[Site "Hungary"]
[Date "2016.03.20"]
[Round "9.4"]
[White "Keresztes, Mark"]
[Black "Nagy Dani, Karoly"]
[Result "1/2-1/2"]
[WhiteElo "2023"]
[BlackElo "1883"]
[PlyCount "120"]
[EventDate "2015.09.13"]
[EventType "team-tourn"]
[EventRounds "11"]
[EventCountry "HUN"]
[SourceTitle "EXT 2017"]
[Source "ChessBase"]
[SourceDate "2016.10.25"]
[SourceVersion "1"]
[SourceVersionDate "2016.10.25"]
[SourceQuality "1"]
[WhiteTeam "Toth Laszlo II"]
[BlackTeam "Roszke"]
[WhiteTeamCountry "HUN"]
[BlackTeamCountry "HUN"]

1. c4 c5 2. Nc3 Nc6 3. g3 Nf6 4. e4 e6 5. Bg2 Be7 6. Nge2 0-0 7. 0-0 Nd4 8. d3 d6 9. Be3 e5 10. h3 Bd7 11. f4 Rb8 12. fxe5 dxe5 13. Nd5 Nxd5 14. cxd5 Qb6 15. b3 Qg6 16. Kh2 f5 17. Rc1 Bd6 18. Bxd4 cxd4 19. Ng1 Rbc8 20. Qe2 Qh6 21. Rxc8 Bxc8 22. exf5 Bxf5 23. Be4 Bd7 24. Rxf8+ Kxf8 25. Qf1+ Ke7 26. Nf3 g6 27. h4 Qg7 28. Qc1 h6 29. Qe1 g5 30. hxg5 hxg5 31. Qd2 Kf6 32. Kg1 b6 33. Qh2 Bg4 34. Nd2 b5 35. Qf2+ Ke7 36. Bf5 Bh5 37. Ne4 Bf7 38. Qd2 Bxd5 39. Nxd6 Kxd6 40. Qb4+ Kc6 41. a4 a6 42. axb5+ axb5 43. Qa5 Qf7 44. Qa6+ Kc5 45. Qa3+ Kb6 46. Qd6+ Ka5 47. b4+ Ka4 48. Qxe5 Kxb4 49. Qxd4+ Kb3 50. Be4 Be6 51. Qc5 b4 52. d4 Bc4 53. Bg2 Qg6 54. d5 Qb1+ 55. Kh2 Qd3 56. d6 g4 57. Qc7 Qd2 58. Kg1 Qe1+ 59. Kh2 Qd2 60. Kg1 Qe3+ 1/2-1/2

[Event "Kecskemet Caissa IM 12"]
[Site "Kecskemet"]
[Date "2014.12.25"]
[Round "10"]
[White "To, Nhat Minh"]
[Black "Keresztes, Mark"]
[Result "1-0"]
[WhiteElo "2354"]
[BlackElo "2025"]
[PlyCount "67"]
[EventDate "2014.12.16"]
[EventType "tourn"]
[EventRounds "10"]
[EventCountry "HUN"]
[SourceTitle "CBM 164 Extra"]
[Source "ChessBase"]
[SourceDate "2015.03.02"]
[SourceVersion "1"]
[SourceVersionDate "2015.03.02"]
[SourceQuality "1"]

1. Nf3 d5 2. g3 e6 3. Bg2 Nf6 4. 0-0 Nbd7 5. d3 Be7 6. Nbd2 0-0 7. e4 Nb6 8. e5 Nfd7 9. Re1 c5 10. Nf1 Qc7 11. h4 Rd8 12. N1h2 d4 13. h5 Nf8 14. h6 g6 15. Bg5 Nd5 16. Ng4 Bxg5 17. Nxg5 Qe7 18. Ne4 Nd7 19. c4 dxc3 20. bxc3 f5 21. exf6 N5xf6 22. Nexf6+ Nxf6 23. Ne5 Qd6 24. Rb1 Rb8 25. Qa4 a6 26. Qf4 Rf8 27. Nxg6 Qxf4 28. Nxf4 Kf7 29. Re5 b6 30. Rxc5 bxc5 31. Rxb8 Bd7 32. Rb7 e5 33. Nd5 Ke6 34. Nxf6 1-0

[Event "Kecskemet Caissa IM 12"]
[Site "Kecskemet"]
[Date "2014.12.24"]
[Round "9"]
[White "Keresztes, Mark"]
[Black "Nomin Erdene, Davaademberel"]
[Result "0-1"]
[WhiteElo "2025"]
[BlackElo "2288"]
[PlyCount "62"]
[EventDate "2014.12.16"]
[EventType "tourn"]
[EventRounds "10"]
[EventCountry "HUN"]
[SourceTitle "CBM 164 Extra"]
[Source "ChessBase"]
[SourceDate "2015.03.02"]
[SourceVersion "1"]
[SourceVersionDate "2015.03.02"]
[SourceQuality "1"]

1. c4 e5 2. Nc3 Bb4 3. g3 Bxc3 4. bxc3 d6 5. Bg2 Nc6 6. d3 Nge7 7. Nf3 0-0 8. 0-0 f6 9. Rb1 Rb8 10. e3 Be6 11. Qe2 Qd7 12. Rd1 Bh3 13. Bh1 Bg4 14. Re1 f5 15. Qc2 Nd8 16. Ba3 Ne6 17. Nd2 f4 18. f3 Bh5 19. g4 fxe3 20. Rxe3 Bg6 21. Ne4 Nf4 22. Bg2 Nxg2 23. Qxg2 b5 24. cxb5 Nd5 25. Ree1 Bxe4 26. dxe4 Nxc3 27. Rbc1 Nxb5 28. Re3 Nd4 29. Rec3 Qa4 30. Bb2 Qxa2 31. Ba1 Ne2+ 0-1

[Event "Kecskemet Caissa IM 12"]
[Site "Kecskemet"]
[Date "2014.12.18"]
[Round "3"]
[White "Keresztes, Mark"]
[Black "Kernazhitsky, Leonid"]
[Result "1/2-1/2"]
[WhiteElo "2025"]
[BlackElo "2299"]
[PlyCount "109"]
[EventDate "2014.12.16"]
[EventType "tourn"]
[EventRounds "10"]
[EventCountry "HUN"]
[SourceTitle "CBM 164 Extra"]
[Source "ChessBase"]
[SourceDate "2015.03.02"]
[SourceVersion "1"]
[SourceVersionDate "2015.03.02"]
[SourceQuality "1"]

1. c4 e5 2. Nc3 Nf6 3. e4 Bc5 4. d3 d6 5. Be2 Nc6 6. Nf3 0-0 7. 0-0 Nd4 8. Nxd4 Bxd4 9. Bg5 h6 10. Bh4 c6 11. Rb1 a6 12. Qd2 Nxe4 13. Nxe4 Qxh4 14. Nxd6 Rd8 15. Nxc8 Raxc8 16. Qb4 Rd7 17. g3 Qg5 18. Kh1 Re8 19. Rbd1 f5 20. Bf3 Qf6 21. Qd2 Red8 22. Qc2 Qd6 23. a3 a5 24. Bg2 Qc5 25. Bh3 Rf7 26. Qd2 a4 27. Qe2 Qb6 28. Rd2 Kh8 29. Qh5 Rdf8 30. Re2 Qb3 31. f4 exf4 32. Re8 Kg8 33. Rxf8+ Kxf8 34. Bxf5 fxg3 35. Qg6 Qxb2 36. Qd6+ Kg8 37. hxg3 Qe2 38. Qd8+ Rf8 39. Be6+ Kh7 40. Qxf8 Qh5+ 41. Kg2 Qe2+ 42. Rf2 Qxe6 43. Qf5+ Qg6 44. Qxg6+ Kxg6 45. Rf8 Bc5 46. Rb8 Bxa3 47. Rxb7 c5 48. Ra7 Bb2 49. Rxa4 Kf5 50. Kf3 h5 51. Ra7 g5 52. Rd7 g4+ 53. Ke3 Bd4+ 54. Rxd4 cxd4+ 55. Kf2 1/2-1/2

[Event "Kecskemet Caissa IM 05"]
[Site "Kecskemet"]
[Date "2013.05.18"]
[Round "1"]
[White "Keresztes, Mark"]
[Black "Voigt, Martin"]
[Result "1-0"]
[WhiteElo "2131"]
[BlackElo "2332"]
[PlyCount "99"]
[EventDate "2013.05.18"]
[EventType "tourn"]
[EventRounds "9"]
[EventCountry "HUN"]
[EventCategory "2"]
[SourceTitle "CBM 154 Extra"]
[Source "ChessBase"]
[SourceDate "2013.06.25"]
[SourceVersion "2"]
[SourceVersionDate "2013.06.25"]
[SourceQuality "1"]

1. c4 e5 2. Nc3 Bb4 3. g3 Nc6 4. Bg2 f5 5. e3 Bxc3 6. dxc3 Nf6 7. Ne2 0-0 8. b3 Qe7 9. Qc2 d6 10. Ba3 Be6 11. f3 a5 12. h3 a4 13. 0-0 Na5 14. Bb4 c5 15. Bxa5 Rxa5 16. g4 fxg4 17. fxg4 Ra7 18. Ng3 Rfa8 19. Rad1 axb3 20. axb3 Ra2 21. Qd3 Rb2 22. Qxd6 Raa2 23. Bxb7 Qxd6 24. Rxd6 e4 25. Bxe4 h6 26. Rxf6 gxf6 27. Rxe6 Rxb3 28. Rxf6 Rxc3 29. h4 Rxe3 30. Bd5+ Kh7 31. Nf1 Re1 32. Rc6 Raa1 33. Bg2 Re5 34. Bd5 Ree1 35. Rf6 Rad1 36. Rf4 Kg7 37. h5 Rd4 38. Rf7+ Kh8 39. Kf2 Re5 40. Kg3 Rd3+ 41. Rf3 Rd4 42. Ne3 Rg5 43. Rf8+ Kh7 44. Re8 Rd2 45. Nf5 Rd1 46. Re7+ Kh8 47. Nxh6 Rg1+ 48. Bg2 Rg7 49. Rxg7 Kxg7 50. g5 1-0

[Event "Kecskemet Caissa Rating 03"]
[Site "Kecskemet"]
[Date "2012.03.22"]
[Round "7"]
[White "Keresztes, Mark"]
[Black "Zsiros, Laszlo"]
[Result "1/2-1/2"]
[WhiteElo "2147"]
[BlackElo "1864"]
[PlyCount "33"]
[EventDate "2012.03.17"]
[EventType "tourn"]
[EventRounds "10"]
[EventCountry "HUN"]
[SourceTitle "EXT 2013"]
[Source "ChessBase"]
[SourceDate "2012.11.22"]
[SourceVersion "1"]
[SourceVersionDate "2012.11.22"]
[SourceQuality "1"]

1. c4 Nf6 2. Nc3 e6 3. d4 d5 4. cxd5 exd5 5. Nf3 c6 6. Bf4 Bd6 7. Bxd6 Qxd6 8. e3 Bg4 9. Be2 Nbd7 10. 0-0 0-0 11. Rc1 Rfe8 12. Nd2 Bxe2 13. Qxe2 h6 14. Qd3 Re7 15. a3 Rae8 16. b4 Nf8 17. Nb3 1/2-1/2

[Event "Kecskemet Caissa Rating 03"]
[Site "Kecskemet"]
[Date "2012.03.18"]
[Round "3"]
[White "Keresztes, Mark"]
[Black "Szente Varga, Fruzsina"]
[Result "1-0"]
[WhiteElo "2147"]
[BlackElo "2001"]
[PlyCount "113"]
[EventDate "2012.03.17"]
[EventType "tourn"]
[EventRounds "10"]
[EventCountry "HUN"]
[SourceTitle "EXT 2013"]
[Source "ChessBase"]
[SourceDate "2012.11.22"]
[SourceVersion "1"]
[SourceVersionDate "2012.11.22"]
[SourceQuality "1"]

1. c4 e6 2. Nc3 d5 3. d4 c5 4. cxd5 exd5 5. Nf3 Nc6 6. e3 Nf6 7. Be2 Bd6 8. 0-0 0-0 9. dxc5 Bxc5 10. Nd4 Ne5 11. a3 Bg4 12. b4 Bb6 13. h3 Bxe2 14. Qxe2 Rc8 15. Qd2 Ne4 16. Nxe4 dxe4 17. Bb2 Qg5 18. Qe2 Rc4 19. Ne6 Nf3+ 20. Qxf3 fxe6 21. Qe2 Rc7 22. Rac1 Rcf7 23. Bd4 Bc7 24. Rc5 Qg6 25. h4 Bd8 26. h5 Qh6 27. Qg4 Bb6 28. Re5 Bxd4 29. exd4 e3 30. f3 Rf5 31. Re1 Rxe5 32. dxe5 Rf4 33. Qg3 Rf5 34. f4 Qxf4 35. Qxf4 Rxf4 36. Rxe3 g6 37. hxg6 hxg6 38. Rd3 Rf7 39. Rd8+ Kg7 40. Re8 Kh6 41. Rxe6 Kg5 42. Re8 Rc7 43. Kf2 a5 44. bxa5 Rc3 45. Rf8 Rc5 46. e6 Re5 47. Ra8 Rxe6 48. Ra7 Re5 49. Kf3 Kf5 50. g4+ Ke6 51. a4 Rc5 52. a6 bxa6 53. Rxa6+ Ke5 54. Rxg6 Rc3+ 55. Ke2 Ra3 56. a5 Kf4 57. a6 1-0